Score 0/26 Timer 04:00
3 Plays Today
Hint Answer % Correct
____ Luther King, Jr., 1963Martin
98.2%
Barack ____, 2008, 2012Obama
97.8%
____ Elizabeth II, 1952Queen
97%
____ Churchill, 1949Winston
95.4%
Lyndon B. ____, 1964Johnson
94.7%
Dwight D. ____, 1944Eisenhower
94.1%
____ John XXIII, 1962Pope
91.9%
____ D. Roosevelt, 1932, 1934, 1941Franklin
91.6%
Mahatma ____, 1930Gandhi
88.7%
____ Putin, 2007Vladimir
82.9%
Pope John Paul ____, 1994II
72.8%
Ted ____, 1991Turner
71.2%
Anwar ____, 1977Sadat
70.7%
Hint Answer % Correct
____ Khrushchev, 1957Nikita
68.3%
Mark ____, 2010Zuckerberg
65%
____ Wałęsa, 1981Lech
61.2%
____ Andropov, 1983Yuri
53.2%
Corazon ____, 1986Aquino
49.4%
____ Kai-shek, 1937Chiang
43.5%
____ Selassie I, 1935Haile
43%
____ Adenauer, 1953Konrad
28.9%
Deng ____, 1978Xiaoping
23.6%
Ben ____, 2009Bernanke
16.6%
____ Khomeini, 1979Ruhollah
12.8%
Peter ____, 1984Ueberroth
8.9%
____ Ho, 1996David
7.9%

Today's Daily Dose

Missing Word
Train Books

Word Ladder
Piano Man

Quick Pick
Google Products

Get the Picture
Moana or Coco

Remove Ads.
Support Sporcle.
Get the best of Sporcle when you Go Orange. This ad-free experience offers more features, more stats, and more fun while also helping to support Sporcle. Thank you for becoming a member.

You're not logged in!

Compare scores with friends on all Sporcle quizzes.
OR
Log In

Show Comments

Extras

Top Quizzes Today


Score Distribution

Your Account Isn't Verified!

In order to create a playlist on Sporcle, you need to verify the email address you used during registration. Go to your Sporcle Settings to finish the process.

Report this User

Report this user for behavior that violates our Community Guidelines.

Details: